Oregon - Suburb or Nah - Statistics

General Stats
  • This quiz has been taken 21 times
  • The average score is 11 of 15
Answer Stats
Question Answer % Correct
Suburb or Nah - Medford No
100%
Suburb or Nah - Portland No
92%
Suburb or Nah - Salem No
92%
Suburb or Nah - Bend No
92%
Suburb or Nah - Eugene No
83%
Suburb or Nah - Lake Oswego Yes
83%
Suburb or Nah - Happy Valley Yes
83%
Suburb or Nah - West Linn Yes
83%
Suburb or Nah - Milwaukie Yes
75%
Suburb or Nah - Tigard Yes
75%
Suburb or Nah - Cedar Mill Yes
75%
Suburb or Nah - Oak Hills Yes
75%
Suburb or Nah - Camas Yes
50%
Suburb or Nah - Oregon City No
33%
Suburb or Nah - Gresham No
33%
No matching quizzes found
Score Distribution
Percent of People with Each Score
Percentile by Number Answered
Your Score History
You have not taken this quiz